[Event "Malaysian Open"]
[Site "Kuala Lumpur MAS"]
[Date "2011.08.20"]
[Round "5.48"]
[White "Goundar,S"]
[Black "Karunanayake,Ma"]
[Result "1/2-1/2"]
[WhiteElo "1934"]
[BlackElo "1667"]

1.e4 c5 2.c3 Nf6 3.e5 Nd5 4.d4 cxd4 5.Qxd4 e6 6.Nf3 Nc6 7.Qe4 a6 8.Bd3 d6
9.O-O dxe5 10.Nxe5 Nxe5 11.Qxe5 Nf6 12.Rd1 Bd6 13.Bb5+ Ke7 14.Qe2 axb5 15.Bf4 Bxf4
16.Rxd8 Rxd8 17.g3 Bh6 18.Na3 b4 19.cxb4 Rd2 20.Qe5 Bd7 21.Nc4 Rd5 22.Qe1 Ra6
23.f4 Bb5 24.Ne3 Rd3 25.b3 Kd8 26.a4 Bd7 27.b5 Rad6 28.Nc4 R6d4 29.Ne5 Rxb3  1/2-1/2

[Event "PK NBSB Open A"]
[Site "Roosendaal NED"]
[Date "2011.08.20"]
[Round "2"]
[White "Blom,M"]
[Black "Van Lankveld,W"]
[Result "1-0"]
[WhiteElo "2020"]
[BlackElo "1989"]

1.e4 c5 2.c3 Nf6 3.e5 Nd5 4.d4 cxd4 5.cxd4 e6 6.Nc3 Nxc3 7.bxc3 Qc7 8.Bd2 b6
9.Bd3 Bb7 10.Qg4 d6 11.f4 Nd7 12.Nf3 O-O-O 13.Ng5 Nb8 14.f5 Re8 15.O-O Nc6
16.Nxf7 Rg8 17.fxe6 Kb8 18.exd6  1-0

[Event "Botvinnik 100th Open"]
[Site "St Petersburg RUS"]
[Date "2011.08.20"]
[Round "9"]
[White "Martynenko,And"]
[Black "Donskov,Ana"]
[Result "1/2-1/2"]
[WhiteElo "2357"]
[BlackElo "2267"]

1.e4 c5 2.c3 Nf6 3.e5 Nd5 4.d4 e6 5.Nf3 cxd4 6.cxd4 b6 7.Nc3 Bb7 8.Bd3 Na6
9.Nxd5 Bxd5 10.a3 Nc7 11.O-O Be7 12.Nd2 f5 13.exf6 Bxf6 14.Ne4 Bxe4 15.Bxe4 d5
16.Bc2 O-O 17.Qd3 g6 18.Bf4 Rc8 19.Rae1 Nb5 20.Be5 Nd6 21.Bb3 Nc4 22.Bxf6 Qxf6
23.Re2 Na5 24.Ba2 Nc6 25.Rd2 Ne7 26.Re1 Rc6 27.Bb3 Rfc8 28.Rdd1 Nf5 29.Qd2 a5
30.a4 Nd6 31.Qe3 Nc4 32.Qe2 Qe7 33.Rd3 Qb4 34.Red1 b5 35.axb5 Qxb5 36.Bxc4 Qxc4
37.h4 Qc2 38.R1d2 Qb1+ 39.Kh2 Rf8 40.h5 Rf5 41.hxg6 hxg6 42.Rh3 Qe4 43.Qxe4 dxe4
44.Rh4 Rb5 45.Rxe4 Rcb6 46.Ree2 Kf7 47.Kg3 Kf6 48.Kf4 Rb3 49.f3 R6b4 50.Kg3 a4
51.Kf2 Rb6 52.Rc2 R3b4 53.Red2 Rb3 54.Kg3 R3b4 55.Kf2  1/2-1/2

[Event "Botvinnik 100th Open"]
[Site "St Petersburg RUS"]
[Date "2011.08.20"]
[Round "9"]
[White "Bivol,A"]
[Black "Kopasov,E"]
[Result "1/2-1/2"]
[WhiteElo "2171"]
[BlackElo "2064"]

1.e4 c5 2.c3 Nf6 3.e5 Nd5 4.d4 cxd4 5.Nf3 Nc6 6.cxd4 d6 7.Bc4 Nb6 8.Bb5 dxe5
9.Nxe5 Bd7 10.Bxc6 Bxc6 11.Nxc6 bxc6 12.O-O e6 13.Qg4 h5 14.Qe4 Qd5 15.Nc3 Qxe4
16.Nxe4 Be7 17.Be3 Nd5 18.Rac1 Kd7 19.Nc3 Rab8 20.b3 Rhc8 21.Na4 Rb5 22.Bd2 g6
23.Rc2 Bd6 24.h3 Ne7 25.Nc3 Rbb8 26.Ne4 Nd5 27.Bg5 Rb5 28.Rd1 Ra5 29.Bd2 Rb5
30.Bg5 Ra5  1/2-1/2

[Event "26th Teteven Open"]
[Site "Teteven BUL"]
[Date "2011.08.20"]
[Round "8.10"]
[White "Galunova,T"]
[Black "Kirov,D"]
[Result "1-0"]
[WhiteElo "1977"]
[BlackElo "2123"]

1.e4 c5 2.c3 Nf6 3.e5 Nd5 4.Nf3 Nc6 5.d4 cxd4 6.cxd4 d6 7.Bc4 Nb6 8.Bb5 d5
9.O-O Bg4 10.h3 Bh5 11.g4 Bg6 12.e6 Qd6 13.exf7+ Bxf7 14.Ne5 Nd7 15.Bf4 Qf6
16.Qf3 g5 17.Bxg5 Ndxe5 18.Qxf6 exf6 19.Bxf6 Ng6 20.Re1+ Kd7 21.Bxh8 Nxh8
22.Nc3 Ng6 23.Re3 Bh6 24.Rf3 Bg8 25.Rf5 Kd6 26.Ne2 Bg7 27.Bxc6 bxc6 28.Rf3 Rb8
29.b3 Re8 30.Kf1 Kc7 31.Rc1 Kd6 32.Ng3 Nh4 33.Rfc3 Rc8 34.Rd3 Bf7 35.f4 Be6
36.f5 Bd7 37.Kf2 c5 38.dxc5+ Rxc5 39.Ne4+  1-0

[Event "10th Lichtenberger Sommer"]
[Site "Berlin GER"]
[Date "2011.08.21"]
[Round "9.24"]
[White "Gross,T"]
[Black "Weichlein,P"]
[Result "1-0"]
[WhiteElo "2150"]
[BlackElo "1973"]

1.e4 c5 2.c3 Nf6 3.e5 Nd5 4.Nf3 Nc6 5.d4 cxd4 6.cxd4 d6 7.Bc4 Nb6 8.Bb3 Bf5
9.O-O e6 10.Nc3 Be7 11.Qe2 a6 12.exd6 Qxd6 13.Rd1 Nb4 14.Ne4 Bxe4 15.Qxe4 N4d5
16.Ne5 Rc8 17.a3 Rc7 18.Qf3 Bf6 19.Ng4 Qd8 20.Rd3 Bg5 21.Ne3 Rd7 22.Ng4 O-O
23.Be3 Nxe3 24.fxe3 Nd5 25.Rad1 Qc7 26.Kh1 Rc8 27.e4 Nf4 28.Rc3 Qd8 29.Rxc8 Qxc8
30.h4 Qd8 31.hxg5 Qxg5 32.Ne5 Qh4+ 33.Kg1 Rxd4 34.g3 Ne2+ 35.Kg2 Qf6 36.Ng4 Qxf3+
37.Kxf3 Rxd1 38.Bxd1 Nd4+ 39.Ke3 Nc6 40.Nf2 f5 41.Bb3  1-0

[Event "20th Kaerntner Chess Summer"]
[Site "Feffernitz AUT"]
[Date "2011.08.21"]
[Round "2"]
[White "Okhotnik,V"]
[Black "Kainz,J"]
[Result "1-0"]
[WhiteElo "2455"]
[BlackElo "1988"]

1.e4 c5 2.c3 Nf6 3.e5 Nd5 4.Nf3 d6 5.d4 e6 6.Bc4 Nc6 7.O-O Be7 8.Re1 O-O
9.a3 Qc7 10.Qe2 a6 11.h4 b5 12.Bd3 c4 13.Bc2 f6 14.exf6 Bxf6 15.a4 Rb8 16.axb5 axb5
17.Nbd2 e5 18.Qe4 Nde7 19.Qxh7+ Kf7 20.Ne4 Ke8 21.dxe5 dxe5 22.Nxf6+ gxf6
23.Bg6+ Nxg6  1-0

[Event "Manhattan Open"]
[Site "New York USA"]
[Date "2011.08.21"]
[Round "8"]
[White "Kleiman,J"]
[Black "Milman,L"]
[Result "1-0"]
[WhiteElo "2375"]
[BlackElo "2462"]

1.e4 c5 2.c3 Nf6 3.e5 Nd5 4.Bc4 Nb6 5.Bb3 d5 6.exd6 Qxd6 7.Nf3 c4 8.Bc2 Qe6+
9.Qe2 Qxe2+ 10.Kxe2 Nc6 11.Na3 a6 12.b3 cxb3 13.axb3 e5 14.Be4 Bd6 15.Nc4 Nxc4
16.bxc4 f5 17.Bd5 e4 18.Nd4 Nxd4+ 19.cxd4 Rb8 20.d3 exd3+ 21.Kxd3 f4 22.Re1+ Kd8
23.Ba3 Bxa3 24.Rxa3 Rf8 25.Re5 b5 26.c5 Rf6 27.c6 b4 28.Ra2 Rb5 29.Kc4 b3
30.Rb2 Rd6 31.Bf3 Rxe5 32.dxe5 Be6+ 33.Kc3 Rd5 34.Bxd5 Bxd5 35.Rd2  1-0

[Event "PK NBSB Open A"]
[Site "Roosendaal NED"]
[Date "2011.08.21"]
[Round "6"]
[White "Blom,M"]
[Black "Van der Meijden,M"]
[Result "1/2-1/2"]
[WhiteElo "2020"]
[BlackElo "2146"]

1.e4 c5 2.c3 Nf6 3.e5 Nd5 4.d4 cxd4 5.cxd4 e6 6.Nc3 Nxc3 7.bxc3 d6 8.Nf3 Qc7
9.Bd2 Nd7 10.exd6 Bxd6 11.Bd3 Nf6 12.O-O O-O 13.Rc1  1/2-1/2

[Event "26th Universiade Women"]
[Site "Shenzhen CHN"]
[Date "2011.08.21"]
[Round "9"]
[White "Yildiz,B"]
[Black "Hairapetian,A"]
[Result "1/2-1/2"]
[WhiteElo "2282"]
[BlackElo "2177"]

1.e4 c5 2.c3 Nf6 3.e5 Nd5 4.d4 cxd4 5.Nf3 Nc6 6.cxd4 e6 7.Bc4 Be7 8.O-O O-O
9.Qe2 b6 10.Nbd2 Bb7 11.Ne4 Na5 12.Bb5 f5 13.exf6 Nxf6 14.Bd3 Nxe4 15.Bxe4 Bxe4
16.Qxe4 Qc7 17.Bg5 Bd6 18.Be3 Qc6 19.Qxc6 Nxc6 20.Nd2 Nb4 21.Nc4 Bc7 22.a3 Nd5
23.Rac1 Rac8 24.g3 Bb8 25.Bd2 Rc6 26.Ne3 Nxe3 27.fxe3 Rxf1+ 28.Kxf1 Rxc1+
29.Bxc1 e5 30.dxe5 Bxe5 31.Ke2 Kf7 32.Kd3 d5 33.e4 Ke6 34.b3  1/2-1/2

[Event "Brasschaat Masters"]
[Site "Brasschaat BEL"]
[Date "2011.08.22"]
[Round "3.1"]
[White "Hovhanisian,M"]
[Black "Dardha,A"]
[Result "1-0"]
[WhiteElo "2479"]
[BlackElo "2302"]

1.e4 c5 2.c3 Nf6 3.e5 Nd5 4.Nf3 Nc6 5.g3 d6 6.exd6 Qxd6 7.Bg2 Bg4 8.O-O e6
9.Qa4 Bf5 10.d4 Bd3 11.dxc5 Qxc5 12.Re1 Nb6 13.Qd1 Rd8 14.Be3 Qf5 15.Nd4 Nxd4
16.Bxd4 Rd7 17.Re5 Qg6 18.Ra5 Bc2 19.Qc1 a6 20.Rg5 Qd3 21.Bf1 Qd1 22.Qxd1 Bxd1
23.Bxb6 f5 24.g4 h6 25.Rg6 Bxg4 26.Rxe6+ Be7 27.Bd4 Kf7 28.Bc4  1-0

[Event "Brasschaat Masters"]
[Site "Brasschaat BEL"]
[Date "2011.08.22"]
[Round "3.2"]
[White "De Wit,M"]
[Black "De Schampheleire,G"]
[Result "1/2-1/2"]
[WhiteElo "2308"]
[BlackElo "2263"]

1.e4 c5 2.c3 Nf6 3.e5 Nd5 4.Nf3 e6 5.Bc4 d6 6.Qe2 dxe5 7.Nxe5 Be7 8.O-O O-O
9.d4 cxd4 10.cxd4 Nc6 11.Rd1 Qc7 12.Bxd5 exd5 13.Bf4 Nxe5 14.dxe5 Be6 15.Nc3 Qc4
16.Qf3 d4 17.Ne4 Qd5 18.Qd3 Bf5 19.Nc3 Qxg2+ 20.Kxg2 Bxd3 21.Rxd3 dxc3 22.Rxc3 Rfc8
23.Rac1 Rxc3 24.Rxc3 Bd8 25.Rd3 Kf8 26.Rd7 b5 27.Be3 a6 28.Bc5+ Ke8 29.e6 fxe6
30.Rxg7 Rc8 31.b4 Rc7 32.Rg8+ Kd7 33.Rh8 h5 34.Rxh5 Kc6 35.Kf3 Rf7+ 36.Ke4 Bc7
37.Rh6 Rf4+ 38.Ke3 Kd5 39.Rh7 Be5 40.Rh5 Re4+ 41.Kd3 Rc4 42.Rg5 Rh4 43.f3 Rc4
44.Kd2 Rh4 45.Ke3 Rc4 46.f4 Re4+ 47.Kd3 Rxf4 48.Rh5 Rc4 49.Bf8 Rd4+  1/2-1/2

[Event "4th Jessie Gilbert Open"]
[Site "Coulsdon ENG"]
[Date "2011.08.22"]
[Round "3"]
[White "O'Toole,G"]
[Black "Lalic,B"]
[Result "0-1"]
[WhiteElo "2185"]
[BlackElo "2470"]

1.e4 c5 2.c3 Nf6 3.e5 Nd5 4.Nf3 e6 5.d4 cxd4 6.cxd4 b6 7.Nc3 Nxc3 8.bxc3 Qc7
9.Bb2 Ba3 10.Qb3 Bxb2 11.Qxb2 Bb7 12.Bd3 Bxf3 13.gxf3 O-O 14.O-O Nc6 15.f4 Ne7
16.c4 f5 17.d5 Ng6 18.Qd4 Qd8 19.Rfe1 Qh4 20.Bf1 Nxf4 21.Rad1 Qg4+ 22.Kh1 Rac8
23.dxe6 dxe6 24.Re3 Rxc4 25.Qd7 Rc7 26.Qd6 Rfc8 27.h3 Qh5 28.Rd4 Rc6 29.Qd7 Nd5
30.Rxd5 exd5 31.Bg2 R6c7 32.Qxd5+ Qf7 33.e6 Qe7 34.Qxf5 Rf8 35.Qe5 Rxf2 36.Re1 g6
37.Rd1 Rf5 38.Qg3 Rfc5 39.Qe3 Rc3 40.Qh6 R3c5 41.Rf1 Rf5 42.Rd1 Qf8 43.Qe3 Re7
44.Rd7 Qf6 45.Qa3 Rxe6 46.Qc1 Re7  0-1

[Event "31st Presolana Open"]
[Site "Presolana ITA"]
[Date "2011.08.22"]
[Round "3"]
[White "Genocchio,D"]
[Black "Greenfeld,A"]
[Result "1/2-1/2"]
[WhiteElo "2446"]
[BlackElo "2566"]

1.e4 c5 2.c3 Nf6 3.e5 Nd5 4.Nf3 Nc6 5.Bc4 Nb6 6.Bb3 c4 7.Bc2 d6 8.exd6 Qxd6
9.O-O Bg4 10.h3 Bh5 11.Qe2 e6 12.Na3 Qf4 13.d4 Bxf3 14.gxf3 Qh4 15.Nxc4 Nxc4
16.Qxc4 Qxh3 17.Be4 Bd6 18.Bxc6+ Ke7 19.f4 Rac8 20.Bg2 Qxg2+ 21.Kxg2 Rxc4
22.a4 Rc6 23.Bd2 Rd8 24.Kf3 Bc7 25.Rh1 h6 26.Ke4 Rd5 27.b3 Rf5 28.c4  1/2-1/2

[Event "Malaysian Open"]
[Site "Kuala Lumpur MAS"]
[Date "2011.08.23"]
[Round "8.26"]
[White "Adeimi,M"]
[Black "Chen,Yibo"]
[Result "0-1"]
[WhiteElo "1895"]
[BlackElo "2152"]

1.e4 c5 2.c3 Nf6 3.e5 Nd5 4.d4 cxd4 5.cxd4 d6 6.Bc4 Nb6 7.Bb3 dxe5 8.Qh5 e6
9.dxe5 Nd5 10.Qe2 Nc6 11.Nf3 Bb4+ 12.Bd2 Nf4 13.Qe4 Nd3+ 14.Ke2 Nc5 15.Qe3 b6
16.Bc4 O-O 17.a3 Bxd2 18.Nbxd2 Qc7 19.Rhe1 Na5 20.Bb5 Bd7 21.Bxd7 Qxd7 22.Nd4 Rfd8
23.N2f3 Nc4 24.Qg5 h6 25.Qg3 Nb3 26.Rad1 Nxb2 27.Ke3 Nxd1+ 28.Rxd1 Rac8 29.Nf5 Rc3+
30.Kf4 Qa4+ 31.Rd4 Rxd4+ 32.N5xd4  0-1

[Event "23rd Porto San Giorgio Open"]
[Site "Porto San Giorgio ITA"]
[Date "2011.08.23"]
[Round "4"]
[White "Bentivegna,F"]
[Black "Bruno,Fabi"]
[Result "1/2-1/2"]
[WhiteElo "2330"]
[BlackElo "2466"]

1.e4 c5 2.c3 Nf6 3.e5 Nd5 4.d4 cxd4 5.Nf3 e6 6.Bc4 Nc6 7.cxd4 d6 8.O-O Be7
9.a3 O-O 10.Re1 Bd7 11.Bd2 Rc8 12.Nc3 Nxc3 13.Bxc3 Na5 14.Bd3 Nc4 15.d5 exd5
16.Bxc4 Rxc4 17.Qxd5 Rc6 18.exd6 Bxd6 19.Rad1 Be6 20.Qd4 Qf6 21.Qxa7 Qh6
22.Rxd6 Rxd6 23.Bb4 Bc8 24.Bxd6 Qxd6 25.Qd4 Qxd4 26.Nxd4 Rd8 27.f4 f6 28.Rc1 Kf7
29.Rc4 Kg6 30.Kf2 h5 31.Rb4 h4 32.Nf3 h3 33.g3 Rd1 34.Rd4 Rb1 35.Rd2 Bg4
36.Ke3 Rf1 37.Rf2 Rd1 38.Nd2 Re1+ 39.Kd4 Rg1 40.Nc4 Rg2 41.Ke3 Rg1 42.Rd2 Re1+
43.Kd4 Bf3 44.Ne3 Kh5 45.Rf2  1/2-1/2

[Event "11th Metropolitan Invitational"]
[Site "Los Angeles USA"]
[Date "2011.08.24"]
[Round "2"]
[White "Altounian,L"]
[Black "Molner,M"]
[Result "1/2-1/2"]
[WhiteElo "2431"]
[BlackElo "2447"]

1.e4 c5 2.c3 Nf6 3.e5 Nd5 4.d4 cxd4 5.Nf3 e6 6.cxd4 d6 7.Bc4 Be7 8.O-O Nc6
9.exd6 Qxd6 10.Nc3 O-O 11.Re1 Rd8 12.Bb3 a6 13.Nxd5 exd5 14.Ne5 Nxe5 15.Bf4 Be6
16.Bxe5 Qd7 17.Re3 Rac8 18.Rg3 f6 19.Bf4 Bf8 20.Rc1 Rxc1 21.Qxc1 Rc8 22.Rc3 Rxc3
23.Qxc3 Bf7 24.h3  1/2-1/2

[Event "3rd Senica Open"]
[Site "Senica SVK"]
[Date "2011.08.24"]
[Round "5.1"]
[White "Kislinsky,A"]
[Black "Banas,J"]
[Result "1-0"]
[WhiteElo "2521"]
[BlackElo "2320"]

1.e4 c5 2.c3 Nf6 3.e5 Nd5 4.Bc4 Nb6 5.Bb3 c4 6.Bc2 Nc6 7.Nf3 d6 8.exd6 Qxd6
9.O-O g6 10.b3 Bg7 11.Na3 Qc5 12.bxc4 Nxc4 13.d4 Qd5 14.Bb3 b5 15.Nd2 Ba6
16.Bxc4 bxc4 17.Qa4 Bb7 18.Rb1 Rb8 19.Rb5 Qd7 20.Ne4 O-O 21.Nc5 Qc8 22.Nxb7 Rxb7
23.Rc5 Rc7 24.Nb5 Rb7 25.d5 Qf5 26.dxc6 Qxc5 27.cxb7 Qc6 28.Qb4 Qxb7 29.Na3  1-0

[Event "23rd Schlosspark-Open"]
[Site "Wiesbaden GER"]
[Date "2011.08.26"]
[Round "3.51"]
[White "Steimbach,Isabel"]
[Black "Faqiry,R"]
[Result "1/2-1/2"]
[WhiteElo "1561"]
[BlackElo "1977"]

1.e4 c5 2.c3 Nf6 3.e5 Nd5 4.Bc4 Nb6 5.Bb3 d6 6.exd6 Qxd6 7.Nf3 g6 8.O-O Bg7
9.d3 O-O 10.Bc2 Nc6 11.Nbd2 Bf5 12.Ne4 Bxe4 13.dxe4 Qc7 14.Qe2 Rad8 15.Be3 Nd7
16.Rad1 b6 17.Rd2 Nf6 18.h3 Rxd2 19.Bxd2 Rd8 20.Rd1 e6 21.Bg5 h6 22.Rxd8+ Qxd8
23.Bh4 g5 24.Bg3 Nh5 25.Bh2 e5 26.Nxe5 Nxe5 27.Qxh5 Qd2 28.Qd1 Qxd1+ 29.Bxd1 Nd3
30.Bb8 Nxb2 31.Be2 Bxc3 32.Bxa7 Ba5 33.Bb8 c4 34.Be5 c3 35.Bb5 Nd1 36.Ba4 Nb2
37.Bb5 Kf8 38.Bf6 Bb4 39.g4 Kg8 40.Bd4 Ba5 41.Kg2 Nd1 42.Ba4 Nb2 43.Bb5 Kh7
44.Kg1 Kg6 45.Kg2 h5 46.Kg1 hxg4 47.hxg4 f6 48.Kg2  1/2-1/2

[Event "Trade Fair Open A"]
[Site "Brno CZE"]
[Date "2011.08.27"]
[Round "8"]
[White "Kozlova,Lucie"]
[Black "Strnad,R"]
[Result "1/2-1/2"]
[WhiteElo "1786"]
[BlackElo "1744"]

1.e4 c5 2.c3 Nf6 3.e5 Nd5 4.d4 cxd4 5.cxd4 Nc6 6.Nf3 d6 7.Nc3 Nxc3 8.bxc3 dxe5
9.dxe5 Qxd1+ 10.Kxd1 Bg4 11.Bf4  1/2-1/2

[Event "20th Kaerntner Chess Summer"]
[Site "Feffernitz AUT"]
[Date "2011.08.27"]
[Round "8"]
[White "Pregl,W"]
[Black "Tsifanskaya,L"]
[Result "0-1"]
[WhiteElo "2140"]
[BlackElo "2119"]

1.e4 c5 2.c3 Nf6 3.d3 Nc6 4.Nf3 g6 5.g3 Bg7 6.Bg2 O-O 7.O-O d6 8.h3 Rb8 9.Be3 b5
10.Nbd2 b4 11.c4 Ne8 12.Qc2 Nc7 13.Rfe1 Ne6 14.Rab1 Ned4 15.Bxd4 Nxd4 16.Nxd4 Bxd4
17.Nf3 Bg7 18.Rbd1 Qb6 19.b3 a5 20.Rb1 Bb7 21.Re2 Bc6 22.Kh2 Ra8 23.Ng1 a4
24.f4 axb3 25.axb3 Qb7 26.Qd1 Ra3 27.Qf1 Rfa8 28.Nf3 Ra1 29.Rxa1 Rxa1 30.Re1 Ra3
31.Rb1 Ra2 32.Qd1 f5 33.Ng5 fxe4 34.Nxe4 Bxe4 35.dxe4 Qxe4 36.Qd5+ Qxd5 37.cxd5 Bd4
38.Kh1 Bf2 39.g4 Be3 40.f5 gxf5 41.gxf5 Kf7 42.Bf1 Kf6 43.Re1 Bd4 44.Re6+ Kf7
45.Rh6 Kg7 46.Rh5 Bf6 47.Kg1 Rd2 48.Bc4 Rd4 49.Bb5 c4  0-1

[Event "TCh-SUI 2011"]
[Site "Switzerland SUI"]
[Date "2011.08.28"]
[Round "7.6"]
[White "Preissmann,E"]
[Black "Steenhuis,J"]
[Result "1/2-1/2"]
[WhiteElo "2305"]
[BlackElo "2103"]

1.e4 c5 2.c3 Nf6 3.e5 Nd5 4.Nf3 g6 5.d4 cxd4 6.Qxd4 e6 7.Bc4 Nc6 8.Qe4 Nb6
9.Bb3 Bg7 10.O-O O-O 11.Rd1 f6 12.exf6 Qxf6 13.Bg5 Qf5 14.Nbd2 d5 15.Qxf5 gxf5
16.Be3 Bd7 17.Bd4 Nxd4 18.cxd4 a5 19.a3 Rfc8 20.Rac1 Bh6 21.h4 Bf4 22.g3 Bd6
23.Re1 Rxc1 24.Rxc1 Rc8 25.Rxc8+ Nxc8 26.Ne1 Nb6 27.f4 Ba4 28.Bxa4 Nxa4 29.Nd3 b6
30.Kf2 Kf7 31.Ke2 Ke7 32.Kd1 b5 33.Nb3 b4 34.axb4 Bxb4 35.Nbc1 Bd6 36.Nb3 Bb4
37.Kc2 Nb6 38.Nxb4 axb4 39.Nd2 Nc4 40.Nf1 Kd7 41.b3 Nd6 42.Kd3  1/2-1/2

[Event "10th Sunny Beach Open"]
[Site "Sunny Beach BUL"]
[Date "2011.08.30"]
[Round "4.39"]
[White "Kristinsson,Bj"]
[Black "Ionica,I"]
[Result "1/2-1/2"]
[WhiteElo "2033"]
[BlackElo "2244"]

1.e4 c5 2.c3 Nf6 3.e5 Nd5 4.d4 cxd4 5.Nf3 e6 6.cxd4 d6 7.Bc4 Nc6 8.O-O Be7
9.Qe2 O-O 10.Nc3 Nxc3 11.bxc3 dxe5 12.dxe5 Qa5 13.Rb1 Rd8 14.Rb5 Qc7 15.Qe4 a6
16.Rb1 b5 17.Bd3 g6 18.Bg5 Bxg5 19.Nxg5 Bb7 20.Qh4 h5 21.Qg3 Qxe5 22.f4 Qg7
23.a4 b4 24.Be4 a5 25.Qf3 Rac8 26.Rfc1 Ba8 27.cxb4 Nd4 28.Qd3 Bxe4 29.Qxe4 Rxc1+
30.Rxc1 axb4 31.Rc7 Nf5 32.h4 Rd1+ 33.Kh2 Qf8 34.Qe5 Nh6 35.Qe4 Nf5 36.Qb7 Nh6
37.Rc8 Rd8 38.Rc6 Ng4+ 39.Kh3 Rd3+ 40.g3 Rd2 41.Nf3 Rd8 42.a5 Qg7 43.Rc8 Qf8
44.Rxd8 Qxd8 45.Ng5 Nh6 46.Qxb4 Qd1 47.Qb8+ Kg7 48.Qe5+ Kg8 49.Qb8+ Kg7 50.Qe5+  1/2-1/2

[Event "TCh-SRB Premier Men"]
[Site "Valjevo SRB"]
[Date "2011.09.02"]
[Round "7.2"]
[White "Savic,Miod1"]
[Black "Martic,I SRB"]
[Result "1/2-1/2"]
[WhiteElo "2520"]
[BlackElo "2347"]

1.e4 c5 2.c3 Nf6 3.e5 Nd5 4.Nf3 e6 5.d4 cxd4 6.cxd4 d6 7.a3 Bd7 8.Bd3 Bc6
9.O-O Nd7 10.b4 a6 11.Re1 Be7 12.Nbd2 dxe5 13.dxe5 Nc3 14.Qb3 Nc5 15.Qxc3 Nxd3
16.Re3 Nf4 17.Qc4 g5 18.Bb2 Rc8 19.Rc1 b5 20.Qd4 Bd5 21.Rxc8 Qxc8 22.h4 h6
23.Kh2 Rg8 24.g3 Bxf3 25.Rxf3 Nd5 26.hxg5 hxg5 27.Qe4 g4 28.Rb3 Rg6  1/2-1/2

[Event "VII Ugra Governor's Cup"]
[Site "Khanty-Mansiysk RUS"]
[Date "2011.09.03"]
[Round "4"]
[White "Yuzhakov,O"]
[Black "Vorobiov,E"]
[Result "1/2-1/2"]
[WhiteElo "2301"]
[BlackElo "2574"]

1.e4 c5 2.c3 Nf6 3.e5 Nd5 4.d4 cxd4 5.cxd4 d6 6.Nf3 Nc6 7.Bc4 Nb6 8.Bb5 Bd7
9.Nc3 dxe5 10.dxe5 a6 11.Bxc6 Bxc6 12.Qe2 e6 13.O-O Be7 14.Rd1 Qc7 15.Nd4 O-O
16.Bf4 Nd5 17.Nxd5 Bxd5 18.Rac1 Qa5 19.a3 Rfc8 20.Rxc8+ Rxc8 21.Rc1 Rxc1+
22.Bxc1 h6 23.h3 Qc7 24.Qe1 Qc4 25.Qc3 Qxc3 26.bxc3 g5 27.f3 Kg7 28.Kf2 Kg6
29.g4 Bd8 30.f4 Ba5 31.Ne2 Bc4 32.Bd2 b5 33.Ng3 Bd5 34.Nh5 Bc6 35.Kg3 Bd8
36.Kf2 Be7 37.Bc1 Bd5 38.Kg3 Bc4 39.Nf6 gxf4+ 40.Kxf4 Bxf6 41.exf6 Kxf6 42.h4 e5+
43.Ke4 h5 44.g5+ Ke6 45.Bd2 Ba2 46.Be1 Bb1+ 47.Ke3 Kd5 48.Bg3 Bf5 49.Bh2 Bd7
50.Bg3 Bc6 51.Bh2 Ke6 52.Bg3 Kf5 53.Be1 Ke6 54.Bg3 Kd5 55.Bh2 e4 56.Bc7 Kc4
57.Ba5 Bd5 58.Bb4 Bb7 59.Ba5 Kb3 60.Bb4 Ka4 61.Bc5 Kb3 62.Bb4 Ba8 63.Kd2 Kb2
64.Ke3 Ka2 65.Kd2 Kb3 66.Ke3 Kc2 67.Ba5 Kb3 68.Bb4 Ka4 69.Bc5 Bb7 70.Bd6 a5
71.Bc7 Ba8 72.Bd8  1/2-1/2

[Event "TCh-SRB Premier Women"]
[Site "Valjevo SRB"]
[Date "2011.09.03"]
[Round "8.1"]
[White "Dragojevic,Ma"]
[Black "Marcetic,Ma"]
[Result "0-1"]
[WhiteElo "1958"]
[BlackElo "2171"]

1.e4 c5 2.c3 Nf6 3.e5 Nd5 4.d4 cxd4 5.cxd4 d6 6.Nf3 e6 7.Nc3 Nc6 8.Nxd5 exd5
9.exd6 Bxd6 10.Bd3 O-O 11.O-O Qb6 12.Be3 h6 13.Bb1 Bg4 14.Qd3 f5 15.Rd1 Rac8
16.h3 Bh5 17.g4 Nb4 18.Qd2 fxg4 19.Ne5 gxh3 20.Nd7 h2+ 21.Kg2 Bf3+  0-1

[Event "Okie Fest Open"]
[Site "Tulsa USA"]
[Date "2011.09.04"]
[Round "3.8"]
[White "Dutiel,Tony"]
[Black "Ellis,J"]
[Result "1-0"]
[WhiteElo "1935"]
[BlackElo "2078"]

1.e4 c5 2.c3 Nf6 3.e5 Nd5 4.d4 cxd4 5.cxd4 d6 6.exd6 Qxd6 7.Nf3 Nc6 8.Be2 g6
9.O-O Bg7 10.Nc3 O-O 11.Qb3 Nb6 12.Be3 Bg4 13.Rfd1 Na5 14.Qb5 Bxf3 15.Bxf3 Nac4
16.Bxb7 Rab8 17.Bf3 Rfc8 18.b3 Nxe3 19.Ne4 Qf4 20.fxe3 Qxe3+ 21.Kh1 Bxd4
22.Rab1 e5 23.a4 Nc4 24.Qd7 Nb6 25.Qh3 Kg7 26.Qg3 Rd8 27.Rdc1 Rbc8 28.Re1 Qh6
29.Nf2 f5 30.Nh3 Rc3 31.Rxe5 f4 32.Qe1 Re3 33.Rxe3 fxe3 34.Rd1 g5 35.Qa5 Rd7
36.Nxg5 Nd5 37.Rxd4 Qxg5 38.Rg4  1-0

[Event "10th Izmir Open"]
[Site "Izmir TUR"]
[Date "2011.09.05"]
[Round "6"]
[White "Okus,M"]
[Black "Firat,B"]
[Result "0-1"]
[WhiteElo "1980"]
[BlackElo "2387"]

1.e4 c5 2.c3 Nf6 3.e5 Nd5 4.d4 cxd4 5.Nf3 Nc6 6.cxd4 d6 7.Bc4 Nb6 8.Bb3 dxe5
9.d5 Na5 10.Nc3 Nxb3 11.Qxb3 g6 12.Nxe5 Bg7 13.Bf4 O-O 14.O-O e6 15.d6 Nd7
16.Nd3 b6 17.Nb5 Bb7 18.Rac1 a6 19.Na3 Bd5 20.Qb4 b5 21.b3 Qf6 22.Rc7 Rfd8
23.Qd2 Qf5 24.Nc2 e5 25.Ne3 Qe6 26.Nxd5 Qxd5 27.Nb4 Qxd2 28.Bxd2 Nf6 29.Nc6 Rxd6
30.Bb4 Re6 31.Ne7+ Kh8 32.Rfc1 h5 33.Rc8+ Rxc8 34.Rxc8+ Kh7 35.Rc6 Rxc6 36.Nxc6 Nd5
37.Bd2 e4 38.Nb8 Bc3 39.Bxc3 Nxc3 40.a4 bxa4 41.bxa4 Nxa4 42.Nxa6 Kg7 43.Kf1 Kf6
44.f3 exf3 45.gxf3 Kg5 46.Nb4 Nc5 47.Nd5 Nd3 48.Ne3 Kh4 49.Kg1 Kh3 50.Nf1 f5
51.Kh1 Ne5 52.Nd2 Nd3 53.Kg1 g5 54.Nf1 g4 55.Ng3 h4 56.Nxf5 gxf3 57.Ne3 f2+
58.Kh1 Nf4 59.Nf1 Ne2 60.Ne3 Ng3+  0-1

[Event "Paignton Ron Bruce Premier"]
[Site "Paignton ENG"]
[Date "2011.09.06"]
[Round "3"]
[White "Kemp,PaulR"]
[Black "Clark,IC"]
[Result "1/2-1/2"]
[WhiteElo "2126"]
[BlackElo "2071"]

1.e4 c5 2.c3 Nf6 3.e5 Nd5 4.d4 cxd4 5.Nf3 e6 6.cxd4 b6 7.Bd3 Bb4+ 8.Bd2 Bxd2+
9.Qxd2 Ba6 10.Be4 Nc6 11.Bxd5 exd5 12.Nc3 O-O 13.O-O-O Rc8 14.Kb1 Nb4 15.Qe3 Re8
16.a3 Nc6 17.Nxd5 Bc4 18.Nc3 d5 19.Qf4 b5 20.Ng5 Qe7 21.Rhe1 h6 22.Nge4 dxe4
23.Nxe4 Nxe5 24.dxe5 Qxe5 25.Qxe5 Rxe5 26.Nc3 Rce8  1/2-1/2

[Event "US Chess League 2011"]
[Site "ICC INT"]
[Date "2011.09.07"]
[Round "2"]
[White "Bartholomew,J"]
[Black "Esserman,M"]
[Result "1/2-1/2"]
[WhiteElo "2440"]
[BlackElo "2446"]

1.e4 c5 2.c3 Nf6 3.e5 Nd5 4.Nf3 Nc6 5.Bc4 e6 6.O-O d6 7.d4 Be7 8.Re1 O-O
9.exd6 Qxd6 10.dxc5 Qxc5 11.Qe2 a6 12.Nbd2 b5 13.Bb3 Nf4 14.Qe4 Ng6 15.Nf1 Bb7
16.Be3 Qd6 17.Rad1 Qc7 18.Qg4 Na5 19.Bc2 Nc4 20.Bc1 Rad8 21.Ng5 Rxd1 22.Rxd1 Rd8
23.Re1 Bxg5 24.Qxg5 Nce5 25.Qg3 Rd7 26.h4 Nc4 27.Qxc7 Rxc7 28.Rd1 f6 29.h5 Nf8
30.Rd8 Rc8 31.Rxc8 Bxc8 32.Ne3 Nxe3 33.Bxe3 Kf7 34.f3 g6 35.hxg6+ hxg6 36.Kf2 Nd7
37.a4 Ne5 38.axb5 axb5 39.Bf4 Nc4 40.b3 Nb6 41.Bd3 Bd7 42.c4 bxc4 43.bxc4 Bc6
44.Bc7 Nd7 45.Ke3 e5 46.g4 Nc5 47.Bc2 Ne6 48.Bb6 Ng5 49.f4 exf4+ 50.Kxf4 Ne6+
51.Ke3 Ng7 52.Bd4 Ne6 53.Bc3 Nc5 54.Bb4 Nd7 55.Bd6 Ke6 56.c5 Ne5 57.Bxe5 Kxe5
58.Bxg6 Bd7 59.Kf3 Bxg4+  1/2-1/2

[Event "13th Trieste Open"]
[Site "Trieste ITA"]
[Date "2011.09.07"]
[Round "6"]
[White "Spiesberger,G"]
[Black "Ceschia,I"]
[Result "0-1"]
[WhiteElo "2149"]
[BlackElo "2316"]

1.e4 c5 2.c3 Nf6 3.e5 Nd5 4.Bc4 Nb6 5.Bb3 Nc6 6.Nf3 c4 7.Bc2 Qc7 8.Qe2 g5
9.e6 dxe6 10.Nxg5 Qe5 11.d4 cxd3 12.Bxd3 Qxe2+ 13.Bxe2 h6 14.Nf3 e5 15.Na3 a6
16.Nc4 Nxc4 17.Bxc4 e4 18.Nd4 Ne5 19.Be2 Rg8 20.Bf4 Ng6 21.Bg3 e5 22.Nb3 Be6
23.O-O-O Be7 24.Bh5 Nf4 25.Bxf4 exf4 26.Rhe1 Rg5 27.Bxf7+ Bxf7 28.Rxe4 Bxb3
29.Rde1 O-O-O 30.axb3 Bd6 31.g3 Rh5  0-1

[Event "1st Barclays Open A"]
[Site "Rome ITA"]
[Date "2011.09.08"]
[Round "6.1"]
[White "David,Alb"]
[Black "Solodovnichenko,Y"]
[Result "1/2-1/2"]
[WhiteElo "2588"]
[BlackElo "2622"]

1.e4 c5 2.c3 Nf6 3.e5 Nd5 4.d4 cxd4 5.Nf3 Nc6 6.cxd4 d6 7.Bc4 e6 8.O-O Be7
9.exd6 Qxd6 10.Nc3 O-O 11.Re1 Rd8 12.Bb3  1/2-1/2

[Event "1st Barclays Open A"]
[Site "Rome ITA"]
[Date "2011.09.09"]
[Round "7.8"]
[White "Nikolova,A"]
[Black "Fier,A"]
[Result "0-1"]
[WhiteElo "2268"]
[BlackElo "2583"]

1.e4 c5 2.c3 Nf6 3.e5 Nd5 4.d4 cxd4 5.Nf3 Nb6 6.cxd4 g6 7.Be2 Bg7 8.Nc3 O-O
9.Bf4 d5 10.exd6 exd6 11.Nb5 Nd5 12.Bg3 Qb6 13.O-O Rd8 14.Qb3 Be6 15.Bc4 a6
16.Ng5 axb5 17.Bxd5 Bxd5 18.Qxd5 Rd7 19.Qe4 Nc6 20.Qh4 h6 21.Ne4 Qd8 22.Qh3 Nxd4
23.Bh4 g5 24.Bg3 f5 25.Nxd6 Ne2+ 26.Kh1 Nxg3+ 27.fxg3 Rxd6 28.Qxf5 Qd7 29.Qc2 Kh8
30.Qb3 Rd2 31.Rf7 Qd5 32.Qxd5 Rxd5 33.Rxb7 Rxa2 34.Re1 g4 35.h4 gxh3  0-1

[Event "13th Trieste Open"]
[Site "Trieste ITA"]
[Date "2011.09.09"]
[Round "8"]
[White "Spiesberger,G"]
[Black "Kragelj,I"]
[Result "1/2-1/2"]
[WhiteElo "2149"]
[BlackElo "2219"]

1.e4 c5 2.c3 Nf6 3.e5 Nd5 4.Bc4 Nb6 5.Bb3 Nc6 6.Nf3 d6 7.exd6 Qxd6 8.O-O Be6
9.d4 cxd4 10.Bxe6 Qxe6 11.Nxd4 Nxd4 12.Qxd4 Rd8 13.Qe3 Qxe3 14.Bxe3 Nc4 15.Bxa7 Nxb2
16.Na3 e6 17.Nb5 Na4 18.Rfd1 Bc5 19.Bxc5 Nxc5 20.Rd4 Ke7 21.Rad1 Ra8 22.a3 Ra5
23.Rb1 Rc8 24.Kf1 h5 25.Ke2 g6  1/2-1/2